000 00259nam a22000977a 4500
999 _c11714
_d11714
008 200110b ||||| |||| 00| 0 eng d
020 _a9780439650342
100 _aCapucilli Satin
_97406
245 _aBiscuit Finds a Friend
260 _aNew york
_bScholastic
_c2004